Missing Word: Music & Movies (R) Quiz Stats

 Plays Quiz Updated Feb 10, 2017

Support Sporcle.
Go Orange.
Score 0/26 Timer 03:00
0 Plays Today
Title 'R' word % Correct
___ to RichesRags
95.6%
___ of FireRing
95.1%
Saving Private ___Ryan
94.9%
Everybody Wants to __ the WorldRule
93.5%
If You Could ___ My MindRead
92.8%
The ___ Slim ShadyReal
92.2%
School of ____Rock
90.9%
A River ___ Through ItRuns
90.5%
___ to PerditionRoad
87.9%
___ HourRush
84.5%
Panic ___Room
80.8%
Kiss from a ___Rose
80.5%
____ WindowRear
79.7%
Title 'R' word % Correct
Get ____ or Die Tryin'Rich
78.4%
___ Over BeethovenRoll
77.6%
____ TuesdayRuby
77.1%
___ AlongRide
74.2%
Up on the ___Roof
69.3%
___ of the Planet of the ApesRise
68.7%
____ ManRain
62.5%
Lovely ___Rita
56.5%
Seven Hills of ____Rome
51.6%
___ BoyRude
48.2%
Life for ___Rent
21.4%
___ PetiteReet
20.9%
____ and BoneRust
11.9%

Today's Daily Dose

You're not logged in!

Compare scores with friends on all Sporcle quizzes.
OR
Log In
Forgot?

From the Vault

LogiCrossword: Months

by El_Dandy

Try not to use your desk calendar when you're playing this.
Remove Ads.
Support Sporcle.
Get the best of Sporcle when you Go Orange. This ad-free experience offers more features, more stats, and more fun while also helping to support Sporcle. Thank you for becoming a member.

Show Comments

Extras

Top Quizzes Today


Score Distribution

Your Account Isn't Verified!

In order to create a playlist on Sporcle, you need to verify the email address you used during registration. Go to your Sporcle Settings to finish the process.

Report this User

Report this user for behavior that violates our Community Guidelines.

Details: